| 000 -LEADER |
| fixed length control field |
00637nam a22002057a 4500 |
| 003 - CONTROL NUMBER IDENTIFIER |
| control field |
OSt |
| 005 - DATE AND TIME OF LATEST TRANSACTION |
| control field |
20250227103753.0 |
| 008 - FIXED-LENGTH DATA ELEMENTS--GENERAL INFORMATION |
| fixed length control field |
250227b ||||| |||| 00| 0 eng d |
| 020 ## - INTERNATIONAL STANDARD BOOK NUMBER |
| International Standard Book Number |
9781108401579 |
| 040 ## - CATALOGING SOURCE |
| Transcribing agency |
KH8 |
| 082 ## - DEWEY DECIMAL CLASSIFICATION NUMBER |
| Classification number |
650 STI |
| 100 ## - MAIN ENTRY--PERSONAL NAME |
| Personal name |
Stimpson, Peter, |
| Relator term |
author. |
| 245 ## - TITLE STATEMENT |
| Title |
Cambridge International AS and A Level Business : |
| Remainder of title |
Workbook / |
| Statement of responsibility, etc. |
Peter Stimpson. |
| 260 ## - PUBLICATION, DISTRIBUTION, ETC. |
| Place of publication, distribution, etc. |
UK ; |
| Name of publisher, distributor, etc. |
Cambridge University Press , |
| Date of publication, distribution, etc. |
2018. |
| 300 ## - PHYSICAL DESCRIPTION |
| Extent |
viii, 198 pages : |
| Other physical details |
illustrations ; |
| Dimensions |
28 cm. |
| 650 ## - SUBJECT ADDED ENTRY--TOPICAL TERM |
| Topical term or geographic name entry element |
Business |
| Form subdivision |
workbook |
| 650 ## - SUBJECT ADDED ENTRY--TOPICAL TERM |
| Topical term or geographic name entry element |
Business |
| Form subdivision |
practice and assessment |
| 650 ## - SUBJECT ADDED ENTRY--TOPICAL TERM |
| Topical term or geographic name entry element |
Business |
| Form subdivision |
questions and answer |
| 942 ## - ADDED ENTRY ELEMENTS (KOHA) |
| Source of classification or shelving scheme |
|
| Koha item type |
Books - Non Ficton |